000 nam a22 7a 4500
999 _c8710
_d8710
008 180119b ||||| |||| 00| 0 eng d
100 _aKumar.T.
_95064
245 _aSchool Atlas
260 _aNew Delhi
_bGoyal
_c2008